The nuclear power debate : issues and choices /

Bibliographic Details
Main Author: Fenn, Scott
Format: Book
Language:English
Published: New York, N.Y. : Praeger, 1981.
Subjects:

MARC

Tag First Indicator Second Indicator Subfields
LEADER 00000pam a2200000 a 4500
001 in00000089344
005 20151008063415.0
008 801217s1981 nyua b 00010 engm
010 |a  80028065  
020 |a 0030590744 
035 |a (OCoLC)07172229 
035 |9 AAK2170AM 
040 |a DLC  |c DLC  |d m.c.  |d TXA  |d UtOrBLW 
043 |a n-us--- 
049 |a TXAM  |c [985611] 
050 0 0 |a HD9698.U52  |b F46 
082 0 |a 338.4/762148/0973  |2 19 
100 1 |a Fenn, Scott. 
245 1 4 |a The nuclear power debate :  |b issues and choices /  |c Scott Fenn. 
264 1 |a New York, N.Y. :  |b Praeger,  |c 1981. 
300 |a xiii, 199 pages :  |b illustrations ;  |c 25 cm. 
336 |a text  |b txt  |2 rdacontent 
337 |a unmediated  |b n  |2 rdamedia 
338 |a volume  |b nc  |2 rdacarrier 
504 |a Includes bibliographical references. 
650 0 |a Nuclear industry  |z United States. 
650 0 |a Nuclear energy  |z United States  |x Security measures. 
999 |a MARS 
999 f f |s 7f604d42-9d40-31ce-a273-8c4b2eb43027  |i 5bff5218-1863-36d1-bcca-c60290b35261  |t 0 
952 f f |p ric  |a Texas A&M University  |b Rellis Campus  |c Joint Library Facility  |d Remote Storage  |t 0  |e HD9698.U52 F46  |h Library of Congress classification  |i unmediated -- volume  |m A14806132048 
998 f f |a HD9698.U52 F46  |t 0  |l Remote Storage